000 01835cam a22004094i 4500
003 PE-LiUPU
005 20250731184110.0
008 150625s r 000 0 d
020 _a9780825410451
035 _a(Sirsi) i9780825410451
040 _aPE-LiUPU
_bspa
_cPE-LiUPU
_erda
049 _aPRUA
082 0 4 _a813.54
_bM26
_221
110 2 _aAnónimo
245 1 3 _aEl mártir de las catacumbas :
_bel dramático relato de un hombre que fue cristiano cuando serlo costaba la vida /
_cEditorial Portavoz.
264 1 _aGrand Rapids, Michigan :
_bPortavoz,
_c2000.
300 _a134 páginas ;
_c22 centímetros
336 _atext
_2rdacontent
337 _aunmediated
_2rdamedia
338 _avolume
_2rdacarrier
500 _aNovela histórica.
505 0 _aEl coliseo. -El campamento pretoriano. -La vía Apia. -Las catacumbas. -El secreto de los cristianos. -La gran nube de testigos. -La confesión de fe. -La vida en las catacumbas. -La persecución. -La captura. -La ofrenda. -El juicio de Polio. -La muerte de Polio. -La tentación. -Lúculo.
526 _aP145
526 _aP127
526 _aP97
526 _aP14
526 _aP07
541 _g001-001317;
650 0 4 _aIglesia
_xHistoria
_yPeríodo primitivo y temprano, ca. 30-600.
651 _aRoma
_xHistoria
_yImperio, 30 B.C.-476 a.D.
910 _bjv
_clch
_d20081024
942 _2ddc
_cBOOK
949 _a813.54 M26
_wDEWEY
_c1
_i58672
_lCCODEBUL1
_mBUL
_p4.00
_r0
_sY
_tBOOK
_u2015-6-25
_xTEOLOGIA
_zUNKNOWN
_0COMPRA
_o.STAFF. Colección General
994 _aC0
_bPEPRU
596 _a1
999 _a813.54 M26
_wDEWEY
_c47552
_i58672
_f2021-11-11
_g5
_lCCODEBUL1
_mBUL
_p4.00
_r0
_sY
_tBOOK
_u2015-6-25
_xTEOLOGIA
_zUNKNOWN
_0COMPRA
_o.STAFF. Colección General
_d47552
980 _81
_gALBERTO SANCHEZ Responsable de Automatización